[Event "ISR-chT"]
[Site "Ramat Aviv"]
[Date "2000.01.14"]
[Round "1.5"]
[White "Mikhalevski, Victor"]
[Black "Ribshtein, Nati"]
[Result "1-0"]
[WhiteElo "2499"]
[BlackElo "2362"]
[Annotator "Mikhalevski,V"]
[PlyCount "77"]
[EventDate "2000.01.14"]
[EventType "team"]
[EventRounds "11"]
[EventCountry "ISR"]
[SourceTitle "CBM 077"]
[Source "ChessBase"]
[SourceDate "2000.07.27"]
[SourceVersion "1"]
[SourceVersionDate "2000.07.27"]
[SourceQuality "1"]
[WhiteTeam "Beer Sheva"]
[BlackTeam "Tel Aviv Univ"]
[WhiteTeamCountry "ISR"]
[BlackTeamCountry "ISR"]

1. d4 Nf6 2. c4 c5 3. d5 e6 4. Nc3 exd5 5. cxd5 d6 6. Nf3 g6 7. g3 Bg7 8. Bg2
O-O 9. O-O a6 10. a4 Nbd7 11. Nd2 Re8 12. h3 Rb8 13. Nc4 Nb6 14. Na3 Bd7 15. a5
{In according to statistics Black is better here,but I believe that this line
is playable and can promise slight advantage for White.} (15. e4 {is the main
line.}) 15... Nc8 16. Nc4 Bb5 17. Qb3 {Checking the position after the game I
have suddenly discovered that it has already been played for not less than 20
times!} Bxc4 (17... Na7 $5) 18. Qxc4 Nd7 {and at least half so many reached
this one.} 19. Qd3 $5 {[%cal Gd3c2]} ({White tried other possible moves as
well:} 19. Kh2) (19. Ne4) (19. Ra2) (19. e4) 19... Qc7 ({In the only game
where 19.Qd3 was played Black continued} 19... Ne5 20. Qc2 Na7 21. Rd1 (21. Ne4
$5 Nb5 22. Bg5 $5 (22. e3) 22... f6 (22... Nd4 23. Qd1 f6 24. Be3 Nf5 25. Bd2
$14) 23. Be3 $14) 21... Nb5 22. Nxb5 axb5 23. Qb3 Qd7 24. Bf1 Nc4 25. e3 Ra8
26. Kg2 Ra7 27. Bxc4 bxc4 28. Qxc4 Rea8 29. Bd2 b5 30. Qc2 b4 $15 {0-1
Liberzon,V-Jussupow,A/Lone Pine 1981/MCL (47)}) 20. Qc2 Na7 {[%cal Ga7b5]} 21.
Ra2 $1 {[%mdl 32] Prophylaxis.White prepares himself for Nb5 to meet it with N:
b5 and b4 taking the rook from the big diagonal.The rook on a2 is also useful
in case the b-file will be opened.} b5 ({I think Black should prefer} 21... Nb5
22. Nxb5 axb5 23. b4 Rbc8 24. Bf4 Ne5 (24... cxb4 $6 25. Qxc7 Rxc7 26. Bxd6 b3
(26... Rc4 27. Rb1 $16 {[%csl Rb4,Rb5,Rb7]}) 27. Ra3 Rc3 28. Bb4 Rc2 29. Rxb3
Rexe2 {[%cal Gg7d4]} 30. Bf3 Rb2 $8 31. Rb1 $1 Rxf2 32. R1xb2 Rxb2 33. Rxb2
Bxb2 34. d6 {[%cal Gf3b7]} Bd4+ $140 35. Kg2 Nc5 (35... Bc5 36. Bxc5 Nxc5 37.
Bxb7 $1 $18 {[%cal Ga5a6]}) 36. Bxc5 Bxc5 37. d7 Be7 38. Bxb7 $18 {[%cal Ga5a6,
Ga6a7,Ga7a8]}) 25. Rc1 $14) 22. axb6 Qxb6 23. Ne4 {I take the knight from
possible exchange after Nb5.} ({An alternative} 23. Bf4 {leads to complicated
position after} Nb5 24. Rfa1 Nd4 25. Qa4 Ne5 $13) (23. e3 $5 Nb5 $140 24. Ne4)
23... Nb5 $6 {[%mdl 16384]} (23... Nf6 $1 {[%mdl 32] I think it was necessary
to exchange white knight as it's going to become very active in the offing.
After Black misses this opportunity White obtains better play.}) 24. e3 Qb7 25.
Nd2 {[%cal Gd2c4]} Nb6 26. Nb3 $1 {[%cal Gb3a5,Gc1d2]} Ra8 ({Black could try
taking this half-poisonous pawn.The idea of Nb4 saves Black from immediate
disaster.} 26... Nxd5 $5 27. Qd2 $1 {[%csl Rd5][%cal Gg2b7,Gd2d5]} (27. Na5 $6
Nb4 $8 (27... Qa8 $2 28. Qd2 {see 27.Qd2}) 28. Nxb7 Nxc2 29. Rxa6 Re7 30. Rb6
Na7 31. Rxd6 Rexb7 32. Bxb7 Rxb7 33. Rfd1 $1 $13) 27... Nbc7 {[%csl Rb3]} 28.
Na5 Qb4 $1 {Another saving move.Now White is just better but Black manages to
save his knight:} (28... Qa8 $2 29. Rd1 {[%csl Rd5][%cal Gg2a8]} Re5 30. Nc4
$18 {[%csl Rd5,Re5]}) 29. Qd1 {[%csl Rd6][%cal Ga5c6]} Ne7 (29... Nf6 30. Nc6
$5 (30. Qxd6 Qb6 31. Qxb6 Rxb6 32. Rd1 $14) 30... Qb3 31. Nxb8 Qxa2 32. Qxd6
Nb5 33. Qxa6 $16) 30. Qxd6 Qb6 31. Qxb6 Rxb6 32. Rd1 $14 {[%csl Ra6,Gc1,Rc5,
Gg2] Pair of bishops plus weaknesses on the queen side promise White
long-lasting advantage.}) 27. Bd2 $1 {A flexible move keeping all the options
open.The a5-square can be also used by the bishop.} Qc8 (27... Nxd5 $4 {
loses on the spot} 28. Na5) (27... f5 $5 {[%cal Gb7f7]}) 28. Ba5 $1 {[%csl Gd2]
An interesting regrouping of forces.By means of Nb3 White let the bishop pass
to a5 and now White's knight will go to c4 via the key- square d2.} Nd7 29. Nd2
$1 {[%csl Gc4,Rd6][%cal Gd2c4] The knight belongs to c4.} Ne5 30. Kh2 {[%cal
Gf2f4][%mdl 32] Another preparatory move.King has to leave the a7-d4 diagonal
which will be weakened after f4.} Qb7 31. f4 (31. b3 $5 {was also interesting.}
) 31... Nd7 32. Nc4 f5 {[%csl Re4][%cal Gd7f6,Gf6e4]} 33. g4 $1 {Just in time.
Any quiet move would spoil everything as Nf6 was a serious positional threat.}
fxg4 34. hxg4 {[%cal Gg4g5] White has been preparing g5 taking under control
an important square f6 for the black knight.} Nf6 $8 {[%csl Rg4]} 35. Bf3 {
[%cal Gg4g5] Resuming the threat of g5.} Qf7 ({doesn't help} 35... Qe7 {
as after} 36. g5 Ne4 {is dangerous in view of} 37. Ra4 $1 {[%csl Re4][%cal
Gc4b6]}) 36. Qg2 {[%cal Gg4g5]} (36. Qd3 $5 {[%cal Gg4g5]}) (36. g5 $2 {
Spoils all preparatory work which was done in this game.} Nxd5 37. Qd3 (37. Qg2
$6 Ndc7 38. Bxa8 Qxc4) 37... Nxe3 $1 $132 38. Nxe3 Qxf4+ 39. Kh1 Qh4+ 40. Kg2
Qxg5+ $13) 36... Nd7 37. g5 $1 {The picturesque position.All light black
pieces are lack of moves.} Rxe3 {I can understand my opponent who didn't want
suffering anymore.} 38. Bg4 $3 $18 {[%csl Ra8][%cal Gg4e6,Gc4e3] The key-move
of the game.Now White is winning.} Rae8 39. Nxe3 (39. Nxe3 Rxe3 40. Bd2 $1 (40.
Be6 Rxe6 41. dxe6 Qxe6 42. Raa1 $16) 40... Re7 41. Be6 (41. Rxa6 $5) 41... Rxe6
42. dxe6 Qxe6 43. Rxa6 $16 {/+-}) 1-0

[Event "Montreal WCT"]
[Site "Montreal"]
[Date "2005.01.17"]
[Round "4"]
[White "Mikhalevski, Victor"]
[Black "Perelshteyn, Eugene"]
[Result "1-0"]
[WhiteElo "2553"]
[BlackElo "2505"]
[Annotator "Mikhalevski,V"]
[PlyCount "97"]
[EventDate "2005.01.15"]
[EventType "tourn"]
[EventRounds "9"]
[EventCountry "CAN"]
[EventCategory "10"]
[SourceTitle "CBM 105"]
[Source "ChessBase"]
[SourceDate "2005.04.11"]
[SourceVersion "1"]
[SourceVersionDate "2005.04.11"]
[SourceQuality "1"]

1. d4 Nf6 2. c4 e6 3. g3 c5 4. d5 exd5 5. cxd5 d6 6. Nc3 g6 7. Bg2 Bg7 8. Nf3
O-O 9. O-O a6 10. a4 Re8 11. Nd2 Nbd7 12. h3 Rb8 13. Nc4 Ne5 (13... Nb6 {
is another main line.}) 14. Na3 Nh5 15. e4 Bd7 {[%cal Gb7b5] A risky, but
interesting line. Black is ready to sacrifice his e5-knight getting for the
sacrificed piece two pawns and vulnerable position of the white king.} 16. a5
$1 {[%csl Rb6] All these moves were played very fast. This time I could recall
my mistake from the last year. The point of this move is to prevent b5 and to
distract the black queen from the h4-square.} ({In that game I played} 16. g4
$2 {Mikhalevski,V-Pruess,D Santa Monica 2004/CBM102 [Mikhalevski,V], which
could be strongly met by} b5 $1 {[%cal Gb5b4] and Black obtains better play.})
16... Qxa5 17. g4 {Now White wins a piece, but Black gets certain compensation.
} Nf6 18. g5 Nh5 19. f4 {[%csl Re5] The knight on e5 is traped, but White
weakened his king and the g3-square and Black decided to exploit this fact
immediately.} c4 $5 {[%csl Rg1][%cal Ga5c5] Openig the a7-g1-diagonal for the
black queen.} (19... Nc4 $2 {is dubious as after} 20. Nxc4 Qxa1 21. Nxd6 {
White obtains a very strong centre.}) 20. fxe5 $1 {White has to accept the
sacrifice.} ({In case of} 20. Be3 {I was worried about the following
interesting combination:} Nd3 $5 ({Earlier Black tested only} 20... Nxf4 21.
Rxf4 Qd8 22. Nc2 Nd3 23. Qf3 Nxb2 24. Nd4 Rf8 25. Rf6 Qe7 26. Bf1 $13 {
Lacrosse,M-Marin,M/Cannes 2002. which led to an unclear position in}) 21. Nxc4
Nxb2 $1 22. Rxa5 (22. Nxa5 $2 Nxd1) 22... Nxc4 $1 {and Black obtains
sufficient compensation for the sacrificed queen. When I saw this line I have
understood that 20.fxe5 is the move.}) 20... Qc5+ 21. Rf2 {The only, but
sufficient defense.} Bxe5 {Black has a threat of Bh2!, which explains my next
move. White simply protects the rook and prepares Be3.} 22. Qe1 $1 {[%cal
Ge1f2] Only this move turned out to be a novelty.} (22. Nc2 $6 {allows} Bh2+ $1
{[%csl Rf2]} {and after} 23. Kxh2 $6 (23. Kf1 {which occuried in Summerscale,
A-Anagnostopoulos,D/Stockholm 1994 is a better try, but I believe that Black
is ok anyway.}) 23... Qxf2 {[%csl Rh2][%cal Gf2g3] Black threatens Qg3+ and
Bxh3 in any order, while} 24. Qe1 {loses a piece to} Qxc2 $19) 22... Bg3 ({
In case of} 22... Bd4 {White gets even a better version of the game.} 23. Nc2
Bxf2+ 24. Qxf2) 23. Qe3 $1 ({White could also keep the queens with} 23. Be3 Qc8
$1 24. Qf1 {, but after} Bxf2+ 25. Bxf2 b5 $132 {Black obtains some
counterplay.}) 23... Bxf2+ 24. Qxf2 Qxf2+ ({Maybe Black had to try} 24... Qc8
25. Kh2 b5 26. Nc2 b4 27. Ne2 Rf8 {[%cal Gf7f5] preparing f5, but I believe
White is anyway better.}) 25. Kxf2 Rbc8 ({Probably Eugene didn't like} 25... b5
{in view of} 26. Nxc4 bxc4 27. Rxa6 {and winning the d6-pawn White obtains a
very strong centre and a clear positional advantage.}) 26. Nc2 {[%csl Ra6]
Preventing b5 and bringing the knight into play.} ({In case of immediate} 26.
Ke3 {I didn't like} b5 27. Nc2 Ra8 {with the idea a5 followed by b4.}) 26... f5
(26... Rf8 $1 {[%cal Gf7f5,Gf7f6] was a better practical chance.}) 27. gxf6 {
White keeps a strong centre.} Rf8 28. Bg5 $1 {[%cal Gf2e3] A strong regrouping
of pieces.} Nxf6 29. Ke3 $16 {[%csl Rd6] White is already clearly better. His
pieces are very active and the d6-pawn is weak, while all black pieces are on
passive positions.} Rf7 30. Bf4 {Forcing} Ne8 31. Nd4 Re7 ({With} 31... g5 $5 {
Black could try to create some counterplay.}) 32. h4 $1 {Improving the
position on the kingside and having in mind an attack by means of h5.} Rc5 $6 {
An unfortunate move, but it's already not so easy to recommend anything better.
} 33. Bg5 Rf7 {Now the knight penetrates to e6.} 34. Ne6 Rc8 35. Nd8 Rg7 36.
Ne6 $1 (36. Nxb7 $6 {would help to create some counterplay:} Rb8 37. Na5 Rxb2
38. Bf1 Bb5 $16) 36... Rf7 37. Ne2 {Another knight comes into play.} Nf6 38.
Bf3 {[%csl Rg4] Restricting the knight and thus preventing Ng4+.} Ne8 39. h5 $1
{[%csl Rg8] Suddenly Black starts to feel unsafely on the kingside.} Nf6 40.
Rg1 $1 {[%csl Rg6] The g6-pawn is weak.} Be8 41. Bh4 $1 $18 {The g6-pawn is
falling down and all the position collapses.} Nd7 42. hxg6 hxg6 43. Rxg6+ Kh8
44. Rh6+ Kg8 (44... Rh7 {changes nothing.} 45. Rxh7+ Kxh7 46. Be7 $18) 45. Nd8
$1 {[%csl Rd6,Rf7]} Rxf3+ {This desperate sacrifice only closes in the end.} ({
After} 45... Rf8 {White has a pleasant choice between} 46. Nxb7 ({and} 46. Be7
$5)) 46. Kxf3 Ne5+ 47. Kg3 Rxd8 48. Bxd8 Nf7 49. Re6 {[%csl Re8] I was very
pleased to play this game as even in commentaries I couldn't find a single
mistake commited by myself.} 1-0

[Event "Galway Masters"]
[Site "Galway"]
[Date "2005.10.08"]
[Round "2"]
[White "Mikhalevski, Victor"]
[Black "Quinn, Mark"]
[Result "1-0"]
[WhiteElo "2554"]
[BlackElo "2399"]
[Annotator "Mikhalevski,V"]
[PlyCount "73"]
[EventDate "2005.10.07"]
[EventType "swiss"]
[EventRounds "6"]
[EventCountry "IRL"]
[SourceTitle "CBM 110"]
[Source "ChessBase"]
[SourceDate "2006.01.31"]
[SourceVersion "1"]
[SourceVersionDate "2006.01.31"]
[SourceQuality "1"]

1. d4 Nf6 2. c4 e6 3. g3 c5 4. d5 d6 5. Nc3 exd5 6. cxd5 g6 7. Bg2 Bg7 8. Nf3
O-O 9. O-O a6 10. a4 Re8 11. Nd2 Nbd7 12. h3 Rb8 13. Nc4 Ne5 14. Na3 Bd7 (14...
Nh5 {is a more popular continuation.}) 15. a5 $5 {This idea came unexpectedly.}
({Certainly I knew that White usually wins a piece by means of} 15. f4 {
but after} Nh5 {big complications arise and so I decided first to distract the
queen from the d8-h4 diagonal and only then to win a piece by means of f4. See
Safin,S-Kotsur,P, Dubai op 2001/CBM85 [Stohl].}) 15... Nh5 ({It was
interesting to accept the pawn sacrifice.} 15... Qxa5 16. f4 Nh5 {I believe
this position deserves further tests.}) 16. e4 {Now the game transposes to the
14...Nh5-line.} Qxa5 17. g4 Nf6 18. g5 (18. f4 $2 {is dangerous.} Nexg4 $1 19.
hxg4 Nxg4 20. Bf3 h5 21. Bxg4 Bxg4 22. Qd3 b5 23. Nc2 Qd8 24. Rxa6 c4 25. Qg3
b4 26. Nd1 c3 27. bxc3 Be2 28. Rc6 b3 29. Nb4 Bxf1 30. Kxf1 Rxe4 $17 {0-1
Clavijo,J-Delchev,A/Istanbul 2000/EXT 2001 (42). (42)}) 18... Nh5 19. f4 b5 $5
{Black is looking for the positional compensation.} ({Other options:} 19... c4
20. fxe5 Qc5+ 21. Rf2 Bxe5 22. Qe1 $1 {Mikhalevski,V-Perelshteyn,E, Montreal
2005/CBM 105 [Mikhalevski,V].}) (19... Nc4 20. Nxc4 Qxa1 21. Nxd6 Bd4+ 22. Kh2
Re7 23. Qf3 b5 24. e5 b4 25. Nce4 $44 {1/2-1/2 Hulak,K-Nunn,J/Toluca 1982/IZT 
(46) with a strong compensation for the sacrificed exchange.}) 20. fxe5 Bxe5
21. Nc2 Qb6 {Only this move is new.} ({In the only preceding game Black
achieved a draw by playing} 21... Qc7 $5 {with the idea Qc8, however I believe
that with a precise play White can achieve an advantage.} 22. Ne2 b4 23. Ne3
Qc8 24. Rf3 c4 25. Qc2 c3 26. bxc3 Qc5 27. Bb2 (27. Kh1 $5) 27... f5 $1 28.
gxf6 Nxf6 29. Rc1 $2 (29. Kh1 $1) 29... b3 30. Qd1 Nxe4 31. Nd4 Ng5 {1/2-1/2
Foisor,O-Murshed,N/Tbilisi 1983/MCL (31).}) 22. Ne2 $1 {[%csl Rg3] Covering
the g3-square and taking the knight away from a possible attack b4.} b4 23. Rf2
$1 {A useful move which prepares Ne3 with the ideas Nc4 and Ng4, while c4 can
be met with Be3.} Qb5 $2 {Black prepares c4, but at the same time finds not
the best square for the queen.} (23... c4 24. Be3 $16) (23... Rbc8 $1 {was
necessary with the idea} 24. Ne3 c4 {with some compensation for a piece.}) 24.
Ne3 b3 $2 {After this positional blunder Black can't help for escape without
White's mistake.} (24... c4 25. Ng4 Bxg4 26. hxg4 Ng3 27. Nd4 $1 $16 {with an
obvious advantage for White.}) 25. Nc3 $1 $18 {The knight gets a nice square
on c3. All of Black's queenside pawns are blocked and White shouldn't have
problems to convert his positional and material advantage into a win.} Qb4 26.
Ng4 $5 {I've decided to sacrifice back an exchange to stabilize the position.}
({In case of} 26. Rxa6 Ra8 $1 27. Rxa8 Rxa8 {Black obtains some chances along
the a-file.}) 26... Bd4 27. Qf3 f5 $5 (27... Bxg4 28. hxg4 Bxf2+ 29. Qxf2 $18 {
is very bad for Black.}) 28. gxf6 Rf8 29. f7+ Kh8 30. Rxa6 $2 {A blunder. I've
missed a double attack on a6 and f7. Fortunately Black doesn't find a correct
move order.} (30. Bh6 $1 Ng7 31. Kh2 $1 {would be enough for a decisive
advantage.}) 30... Bxg4 $2 {Black returns the favour. He finds the right idea,
but can't execute it correctly.} ({After the correct} 30... Qb7 $1 31. Rxd6 (
31. Be3 $5) 31... Bxg4 32. hxg4 Rxf7 33. Rb6 Rxf3 34. Rxb7 Bxf2+ 35. Kh2 (35.
Kf1 $4 Ng3#) 35... Bg3+ 36. Kg1 Rxb7 37. Bxf3 Nf4 {with the idea Nd3 and it's
White who has to look for escape.}) 31. hxg4 Qb7 {Only now I realized that
this is a double attack. Fortunately I have a defense.} 32. Be3 $1 {The
exchange of the dark-squared bishops is worth a rook here.} Bxc3 ({In case of
either} 32... Qxa6 33. Bxd4+ cxd4 34. gxh5 {[%csl Rh8][%cal Gf3f6]}) ({or} 
32... Bxe3 33. Qxe3 Qxa6 34. gxh5 {[%csl Rh8] Black can't protect his king in
view of the weakness of the a1-h8 diagonal.}) 33. gxh5 $1 {The most precise.
The threat of Bg5-f6 is very serious.} Qxa6 ({The line} 33... Bg7 34. h6 Bxb2
35. Bg5 {[%cal Gg5f6] with coming Bf6 explains 33.gxh5.}) 34. Bg5 {[%csl Rh8]
[%cal Gg5f6]} ({Also enough for a win would be} 34. bxc3 Qa1+ 35. Bf1 Qxc3 36.
Bc1 $1 $18) 34... Qa1+ (34... Bg7 35. h6 $18) 35. Bf1 Rxf7 36. Qxf7 Bxb2 37.
Rxb2 {[%cal Gg5f6]} 1-0